| 000 | 00644nam a22002177a 4500 | ||
|---|---|---|---|
| 999 |
_c8261 _d8261 |
||
| 001 | 21791 | ||
| 003 | BD-DhUAP | ||
| 005 | 20230405104834.0 | ||
| 008 | 070920s2007 bg 000 0 eng | ||
| 020 | _a9848715134 | ||
| 040 |
_aDLC _cBD-DhUAP _bEng _dBD-DhUAP |
||
| 082 |
_223 _a821 HAS |
||
| 100 | 1 | _a Hashim ,Syed Najmuddin. | |
| 245 | 1 | 0 |
_aHopefully the pomegranate / _cSyed Najmuddin Hashim ; edited by Niaz Zaman. |
| 260 |
_aDhaka : _bWriters.ink : _bDistributed by University Press, _c2007. |
||
| 300 |
_axii, 114 p. ; _c22 cm. |
||
| 500 | _aPoems. | ||
| 650 | _aBangladeshi poetry (English) | ||
| 700 | _aZaman, Niaz | ||
| 942 |
_2ddc _cBK |
||